000 00992nam a2200265Ia 4500
003 OSt
005 20220923211208.0
006 a|||||r|||| 00| 0
007 ta
008 220922b |||||||| |||| 00| 0 hin d
020 _a97818190191446 (hbk)
_c500
024 _a254,211
037 _b453, 09/03/2011, Vidyanidhi Prakashan
_cTextual
040 _aARTS
_cARTS
_bhin
041 _2hin
_ahin
082 _aQ2:4:g(Y5927), 152Q0
100 _aपंवार, कौशल
_9156324
245 0 _aधर्मशास्त्रीय शूद्र अवधारणा
246 _aDharmashāstrīya shūdra avadhāraṇā
260 _aदिल्ली
_b विद्यानिधि प्रकाशन
_c2010
300 _a263पृ.
_ccm.
650 _aहिन्दी साहित्य
_9156264
942 _hQ2:4:g(Y5927), 152Q0
_cTEXL
_2CC
999 _c296666
_d296666